000 01427nam a2200337 i 4500
001 768714001
003 CO-MdFUSB
005 20250821164359.0
007 ta
008 220211t1996 -us |||| |||| 00| 0 spa d
020 _a0881133477
040 _aCO-MdFUSB
_bspa
_cCO-MdFUSB
_dCO-MdFUSBC
_erda
041 _aspa
_heng
082 _223
_a248.8421
_bSI592
100 _aSimmons, Dave,
_eautor
240 _aDad, the family mentor.
245 _aPapá, el mentor de la familia
_c/ Dave Simmons ; traducido por Miguel A. Mesías
264 1 _aNashville, TN :
_bBetania,
_c[1996]
264 4 _c© 1996
300 _a221 páginas
_c; 21 cm
336 _2rdacontent
_atexto
_btxt
337 _2rdamedia
_asin mediación
_bn
338 _2rdacarrier
_avolumen
_bnc
505 _tFunción de la paternidad: enseñar:
_aPapá, el sabio de la familia. -- Papá el mentor de la familia.
_tFunción de la paternidad: Preparar:
_aPapá, el guía de la familia. -- Papá, el entrenador de la familia.
_tFunción de la paternidad: vigilar:
_aPapá, el explorador de la familia. -- Papá, el sustentador de la familia.
_tFunción de la paternidad: Cuidar:
_aPapá, el motivador de la familia. -- Papá, el restaurador de la familia. -- El punto extra.
563 _aRústico
650 0 _919
_aVida cristiana
653 _aPaternidad
700 _aMesías, Miguel A.,‏
_etraductor
_96113
942 _cBK
945 _aJTF-925
999 _c67161
_d67161